| 000 | 00689nam a22002177a 4500 | ||
|---|---|---|---|
| 003 | DO-SdBNP | ||
| 005 | 20240905095907.0 | ||
| 008 | 171122b 1977 mx a|| 00| 0 spa d | ||
| 020 | _a0717250253 | ||
| 040 |
_aBPMSU _bspa _cBPMSU |
||
| 082 | 4 |
_a910.91 _bM965p 1977 _222 |
|
| 245 | 0 | 0 | _aEl mundo pintoresco. |
| 260 |
_aMéxico : _bCumbre, _c1977. |
||
| 300 |
_av. : _bil. ; _c26 cm. |
||
| 500 | _aLa biblioteca posee los volumen 2, 3, 4 | ||
| 505 | 0 | _aV. : 2, Asia, Australia, Nueva Zelanda, Oceanía -- v. 3 : Europa -- v. : Europa | |
| 590 | _aInventariado, 2024/VM | ||
| 650 | 4 |
_aGeografía _vColecciones de escritos |
|
| 900 | _aVMateo V. Control de calidad. BPMSU | ||
| 942 |
_2ddc _cBK |
||
| 999 |
_c13016 _d13016 |
||